LDAP : (Record no. 217275)
[ view plain ]
| 000 -LEADER | |
|---|---|
| fixed length control field | 01456 a2200265 4500 |
| 003 - CONTROL NUMBER IDENTIFIER | |
| control field | Nust |
| 005 - DATE AND TIME OF LATEST TRANSACTION | |
| control field | 20220802133504.0 |
| 010 ## - LIBRARY OF CONGRESS CONTROL NUMBER | |
| LC control number | 96078510 |
| 020 ## - INTERNATIONAL STANDARD BOOK NUMBER | |
| International Standard Book Number | 1578700000 |
| 035 ## - SYSTEM CONTROL NUMBER | |
| System control number | (OCoLC)37190886 |
| 040 ## - CATALOGING SOURCE | |
| Transcribing agency | Nust |
| 082 ## - DEWEY DECIMAL CLASSIFICATION NUMBER | |
| Classification number | 005.1,HOW |
| 100 1# - MAIN ENTRY--PERSONAL NAME | |
| Personal name | Howes, Tim. |
| 9 (RLIN) | 94853 |
| 245 10 - TITLE STATEMENT | |
| Title | LDAP : |
| Remainder of title | programming directory-enabled applications with lightweight directory access protocol / |
| Statement of responsibility, etc. | Tim Howes, Mark Smith. |
| 246 30 - VARYING FORM OF TITLE | |
| Title proper/short title | Lightweight directory access protocol |
| 260 ## - PUBLICATION, DISTRIBUTION, ETC. | |
| Place of publication, distribution, etc. | Indianapolis, Ind. : |
| Name of publisher, distributor, etc. | Macmillan Technical Publishing, |
| Date of publication, distribution, etc. | c1997. |
| 300 ## - PHYSICAL DESCRIPTION | |
| Extent | xv, 462 p. : |
| Other physical details | ill. ; |
| Dimensions | 24 cm. |
| 440 #0 - SERIES STATEMENT/ADDED ENTRY--TITLE | |
| Title | Macmillan technology series |
| 9 (RLIN) | 96295 |
| 505 ## - FORMATTED CONTENTS NOTE | |
| Formatted contents note | Introduction (Page-1), A quick start guide to LDAP programming (Page-11) The LDAP models (Page-21), Preparing to program (Page-35), Overview of the LDAP API (Page-43), Initialization and configuration (Page-51), LDAP programming with threads (Page-67), Handling errors (Page-81), Search (Page-95), Search filters (Page-31), Compare (Page-167), Authentications (Page-179), Update (Page-199), LDAP URLs (Page-233), Using the LDAP to Build an Application (Page-251), LDAP Command Line Tools (Page-271), Using the Command Line Tools to Build Application (Page-295), Future Directions (Page-319). |
| 650 #0 - SUBJECT ADDED ENTRY--TOPICAL TERM | |
| Topical term or geographic name entry element | Computer network protocols. |
| 9 (RLIN) | 81627 |
| 650 #0 - SUBJECT ADDED ENTRY--TOPICAL TERM | |
| Topical term or geographic name entry element | Computer programming. |
| 650 #0 - SUBJECT ADDED ENTRY--TOPICAL TERM | |
| Topical term or geographic name entry element | LDAP (Computer network protocol) |
| 9 (RLIN) | 94855 |
| 700 1# - ADDED ENTRY--PERSONAL NAME | |
| Personal name | Smith, Mark. |
| 942 ## - ADDED ENTRY ELEMENTS (KOHA) | |
| Koha item type | Book |
| Source of classification or shelving scheme | |
| Call number prefix | 005.1,HOW |
| Withdrawn status | Lost status | Source of classification or shelving scheme | Damaged status | Not for loan | Permanent Location | Current Location | Shelving location | Date acquired | Full call number | Barcode | Date last seen | Price effective from | Koha item type | Public note |
|---|---|---|---|---|---|---|---|---|---|---|---|---|---|---|
| Military College of Signals (MCS) | Military College of Signals (MCS) | General Stacks | 12/12/2016 | 005.1,HOW | MCS27296 | 12/08/2016 | 12/12/2016 | Book | Almirah No.8, Shelf No.4 |
